| 000 | 00588nam a22001817a 4500 | ||
|---|---|---|---|
| 003 | 0 | ||
| 005 | 20251001143736.0 | ||
| 008 | 251001b xxu||||| |||| 00| 0 eng d | ||
| 020 | _a978-1-138-80083-0 | ||
| 050 |
_aRC 560.S43 _b.C55 2020 |
||
| 245 |
_aClinical management of sex addiction / _cedited by Patrick J. Carnes and Kenneth M. Adams. |
||
| 250 | _aSecond edition. | ||
| 260 |
_aNew York, NY : _bRoutledge, _c2020. |
||
| 300 |
_axi, 547 pages : _billustrations ; _c23 cm. |
||
| 504 | _aIncludes bibliographical references and index. | ||
| 650 | _aSex addiction. | ||
| 942 |
_2lcc _cBK |
||
| 999 |
_c368170 _d368170 |
||